000 00318nam a2200133Ia 4500
008 240624s9999 xx 000 0 und d
041 _aeng
082 _a658.8 McD
100 _aMCDONALD MALCOLM
245 _aMARKETING AND FINANCE CREATING SHAREHOLD
260 _c2013
_bWiley
300 _a280 : p.
365 _c
_b30
999 _c25350
_d25350